Strojní prvky a systémy

Salvato in:
Dettagli Bibliografici
Natura: Libro
Pubblicazione: Praha : SNTL, 1989
Tags: Aggiungi Tag
Nessun Tag, puoi essere il primo ad aggiungerne!!

MARC

LEADER 00000nam a22000003a 4500
001 stu46802
005 20150408180126.5
008 ------s1989----cs----------------------d
040 |a STU  |b slo 
041 0
044 |a cs 
080 |a 620.9 
245 |a Strojní prvky a systémy 
260 |a Praha :  |b SNTL,  |c 1989 
300 |a 469 s 
996 |b J85072  |c J*85072/K 14  |l JJK14  |s P  |a 0  |w stu46802_0001